Géographie - Les cours d'eau frontaliers - Statistiques

Statistiques générales
  • Ce quiz a été pris 95 fois
  • Le résultat moyen est 17 sur 17
Statistiques - réponses
Nom du cours d'eau Frontière entre France et % Correct
Blies Allemagne
100%
Lauter Allemagne
100%
Ariège Andorre
100%
Lys Belgique
100%
Ri d'Alyse Belgique
100%
Bidassoa Espagne
100%
Raur Espagne
100%
Roya Italie
100%
Ruisseau de la vallée étroite Italie
100%
Gander Luxembourg
100%
Moselle Luxembourg
100%
Ruisseau de Kayl Luxembourg
100%
Doubs Suisse
100%
Rhône Suisse
100%
Otapock Brésil
98%
Marowijne Suriname
84%
Rhin (2 pays par ordre alpha) Allemagne Suisse
70%
Aucun quiz correspondant
Distribution des résultats
% des personnes avec chaque résultat
Percentile par nombre de réponses
Votre historique - résultats
Vous n’avez pas pris ce quiz